| 000 | 00518nam a22001577a 4500 | ||
|---|---|---|---|
| 003 | NUST | ||
| 038 | _abaig | ||
| 082 | _a200 THE | ||
| 100 |
_aNasir Rashid _969714 |
||
| 110 |
_aSupervised by Dr Javaid Iqbal _984151 |
||
| 245 | _aTH-SOF-1609-Artificial Immune System (AIS) - A Soft Computing Based Approach for Electroencephalography (EEG) Signal Classification | ||
| 260 |
_aISLAMABAD _bNUST COLLEGE OF EME _c2019 |
||
| 563 | _ahb | ||
| 650 |
_aPHD MECHATRONICS ENGINEERING PHDTHESIS _969715 |
||
| 942 |
_cCF _2ddc |
||
| 999 |
_c576872 _d576872 |
||